| 000 | 00411nam a2200133 a 4500 | ||
|---|---|---|---|
| 001 | 3845 | ||
| 003 | CDMR | ||
| 005 | 20130314174647.0 | ||
| 008 | 130130s2001||||||||||||||||||||||||||||d | ||
| 040 |
_aCDMR _bcat _cCPC GIRONA |
||
| 245 | 0 |
_a40è aniversari Ràdio Popular de Figueres, Cadena COPE 1961-2001 _b: un recorregut per la memòria dels protagonistes d'aquests 40 anys |
|
| 260 |
_c2001 _bCOPE |
||
| 942 |
_cMON _2udc |
||
| 999 |
_c3845 _d3845 |
||